| 000 | 00667nam a2200217 a 4500 | ||
|---|---|---|---|
| 999 |
_c1994 _d1994 |
||
| 001 | 1994 | ||
| 003 | BD-JhCC | ||
| 005 | 20171028112805.0 | ||
| 008 | 171028s1378 bg |||| ||a| 000 0 ben d | ||
| 035 | _a(BD-JhCC)1994 | ||
| 040 |
_aBD-JhCC _dBD-JhCC |
||
| 041 | _aben | ||
| 082 |
_a491.4409 _bFAR 1378 |
||
| 100 | _aফারুকী, রশীদ আল | ||
| 245 |
_aশরৎ-সাহিত্য-জিজ্ঞাসা / _cরশীদ আল ফারুকী |
||
| 260 |
_aঢাকা : _bআহমদ পাবলিশিং হাউস, _c1378. |
||
| 300 |
_a254 p. : _c22 cm. |
||
| 650 | _aBengali Literature | ||
| 942 |
_2ddc _cBK |
||